<?xml version="1.0" encoding="UTF-8"?><?xml-stylesheet type="text/xsl" href="static/style.xsl"?><OAI-PMH xmlns="http://www.openarchives.org/OAI/2.0/" xmlns:xsi="http://www.w3.org/2001/XMLSchema-instance" xsi:schemaLocation="http://www.openarchives.org/OAI/2.0/ http://www.openarchives.org/OAI/2.0/OAI-PMH.xsd"><responseDate>2026-06-05T14:45:49Z</responseDate><request verb="GetRecord" identifier="oai:riuma.uma.es:10630/36703" metadataPrefix="marc">https://riuma.uma.es/rest/oai/request</request><GetRecord><record><header><identifier>oai:riuma.uma.es:10630/36703</identifier><datestamp>2026-02-03T11:12:41Z</datestamp><setSpec>com_10630_2254</setSpec><setSpec>col_10630_37953</setSpec></header><metadata><record xmlns="http://www.loc.gov/MARC21/slim" xmlns:dcterms="http://purl.org/dc/terms/" xmlns:doc="http://www.lyncode.com/xoai" xmlns:xsi="http://www.w3.org/2001/XMLSchema-instance" xsi:schemaLocation="http://www.loc.gov/MARC21/slim http://www.loc.gov/standards/marcxml/schema/MARC21slim.xsd">
   <leader>00925njm 22002777a 4500</leader>
   <datafield ind2=" " ind1=" " tag="042">
      <subfield code="a">dc</subfield>
   </datafield>
   <datafield ind2=" " ind1=" " tag="720">
      <subfield code="a">Griffith-Bourn, Mary Margaret</subfield>
      <subfield code="e">author</subfield>
   </datafield>
   <datafield ind2=" " ind1=" " tag="720">
      <subfield code="a">Lechuga-Jiménez, Clotilde</subfield>
      <subfield code="e">author</subfield>
   </datafield>
   <datafield ind2=" " ind1=" " tag="260">
      <subfield code="c">2018</subfield>
   </datafield>
   <datafield ind2=" " ind1=" " tag="520">
      <subfield code="a">This paper presents specific reference tools to provide institutional language integrated support with a specific language plan for a bilingual programme at the University of Malaga. This follows experts’ opinions that claim the need of such a plan. While studies show the importance of language support in bilingual instruction, they rarely address specific content professors' needs tending to remain distant from real teaching contexts. The title “The language of learning” highlights the reality of bilingual classrooms to address specific needs of this unique academic scenario. The article examines how language support has a dual focus that includes both students and instructors. The paper concludes with a reflection on interdisciplinary innovation projects that provide professors with the tools to ensure the quality of bilingual programmes.</subfield>
   </datafield>
   <datafield ind1="8" ind2=" " tag="024">
      <subfield code="a">Griffith, M., &amp; Lechuga, C. (2018). Contrasting Learner Language in Social Sciences Education: A Case Study at the University of Malaga. Universal Journal of Educational Research, 6(10), 2364-2372.DOI: 10.13189/ujer.2018.061035</subfield>
   </datafield>
   <datafield ind1="8" ind2=" " tag="024">
      <subfield code="a">https://hdl.handle.net/10630/36703</subfield>
   </datafield>
   <datafield ind1="8" ind2=" " tag="024">
      <subfield code="a">10.13189/ujer.2018.061035</subfield>
   </datafield>
   <datafield tag="653" ind2=" " ind1=" ">
      <subfield code="a">Inglés - Adquisición</subfield>
   </datafield>
   <datafield tag="653" ind2=" " ind1=" ">
      <subfield code="a">Enseñanza superior</subfield>
   </datafield>
   <datafield ind2="0" ind1="0" tag="245">
      <subfield code="a">Contrasting Learner Language in Social Sciences Education: A Case Study at the University of Malaga</subfield>
   </datafield>
</record>
</metadata></record></GetRecord></OAI-PMH>